[Event "Montreal Mercredi 03"]
[Site "Montreal"]
[Date "2017.04.20"]
[Round "3"]
[White "Jacquet, Stephane"]
[Black "Moisan Plante, Marc Olivier"]
[Result "1-0"]
[WhiteElo "2065"]
[BlackElo "2106"]
[PlyCount "71"]
[EventDate "2017.03.29"]
[EventType "swiss"]
[EventRounds "5"]
[EventCountry "CAN"]
[SourceTitle "EXT 2022"]
[Source "ChessBase"]
[SourceDate "2021.10.06"]
[SourceVersion "1"]
[SourceVersionDate "2021.10.06"]
[SourceQuality "1"]

1. d4 g6 2. c4 Bg7 3. e4 Nc6 4. Nf3 d6 5. Nc3 Bg4 6. Be3 Bxf3 7. gxf3 e5 8. d5 Nd4 9. Nb5 c6 10. Nxd4 exd4 11. Bxd4 Qa5+ 12. Ke2 Nf6 13. Qe1 Qd8 14. Bh3 0-0 15. Qd2 Re8 16. Kd1 c5 17. Bc3 a6 18. Re1 b5 19. b3 bxc4 20. bxc4 Rb8 21. Kc2 Rb4 22. Bxb4 cxb4 23. Qxb4 Nh5 24. Rab1 Qh4 25. Bg4 Qxf2+ 26. Qd2 Qc5 27. Bxh5 Qxc4+ 28. Kd1 Bc3 29. Rc1 Qa4+ 30. Qc2 Qd4+ 31. Ke2 Bxe1 32. Rxe1 f5 33. Kf1 gxh5 34. Qf2 Qxf2+ 35. Kxf2 Rb8 36. Ke3 1-0

[Event "Montreal Omnium op"]
[Site "Montreal"]
[Date "2003.08.30"]
[Round "2"]
[White "Voskanyan, Vahagn"]
[Black "Moisan Plante, Marc Olivier"]
[Result "1-0"]
[WhiteElo "2293"]
[BlackElo "2075"]
[PlyCount "75"]
[EventDate "2003.08.??"]
[EventType "swiss"]
[EventRounds "5"]
[EventCountry "CAN"]
[SourceTitle "EXT 2006"]
[Source "ChessBase"]
[SourceDate "2005.11.24"]
[SourceVersion "1"]
[SourceVersionDate "2005.11.24"]
[SourceQuality "1"]

1. d4 d5 2. c4 e6 3. Nc3 c6 4. e4 dxe4 5. Nxe4 Bb4+ 6. Nc3 c5 7. a3 Ba5 8. Be3 Nf6 9. Nge2 cxd4 10. Nxd4 Bxc3+ 11. bxc3 0-0 12. Be2 Bd7 13. Qb3 e5 14. Nb5 Nc6 15. Rd1 b6 16. c5 Qe7 17. cxb6 axb6 18. c4 Bg4 19. f3 Bd7 20. 0-0 Nd4 21. Qb2 Bxb5 22. cxb5 Qxa3 23. Bxd4 exd4 24. Qxd4 Rfe8 25. Ra1 Qxa1 26. Rxa1 Rxa1+ 27. Qxa1 Rxe2 28. f4 Kf8 29. Qd4 Ng4 30. Kf1 Re6 31. Qd8+ Re8 32. Qd6+ Re7 33. h3 Ne3+ 34. Kf2 Nc4 35. Qc6 Nd2 36. Qxb6 f5 37. Qd8+ Kf7 38. Qxd2 1-0

[Event "Quebec-ch Region"]
[Site "Montreal"]
[Date "2002.06.08"]
[Round "3"]
[White "Trottier, Yves"]
[Black "Moisan Plante, Marc Olivier"]
[Result "0-1"]
[WhiteElo "1939"]
[BlackElo "2137"]
[PlyCount "94"]
[EventDate "2002.06.07"]
[EventType "swiss"]
[EventRounds "5"]
[EventCountry "CAN"]
[SourceTitle "EXT 2009"]
[Source "ChessBase"]
[SourceDate "2008.11.26"]
[SourceVersion "1"]
[SourceVersionDate "2008.11.26"]
[SourceQuality "1"]

1. e4 e5 2. Nf3 Nc6 3. d4 exd4 4. Nxd4 Nf6 5. Nc3 Bc5 6. Nxc6 bxc6 7. Bd3 d6 8. 0-0 a5 9. Qf3 Ng4 10. Bf4 Qf6 11. Rae1 Ne5 12. Qg3 Be6 13. Kh1 h6 14. Bxe5 dxe5 15. f4 exf4 16. Qxf4 Qxf4 17. Rxf4 Rb8 18. Na4 Be7 19. b3 0-0 20. e5 Rb4 21. Rff1 Rd8 22. Nb2 Rbd4 23. Nc4 a4 24. Nb2 Bb4 25. Re4 axb3 26. Rxd4 Rxd4 27. axb3 Bc3 28. Na4 Ba5 29. Nb2 g6 30. Nc4 Bc3 31. h3 Rd8 32. Rf6 Kg7 33. Rf3 Bd5 34. Rf1 Ra8 35. Kg1 Bd4+ 36. Kh1 Ra1 37. Rxa1 Bxa1 38. Kg1 Bd4+ 39. Kf1 Kf8 40. Be2 Ke7 41. Bd3 Ke6 42. Be2 Bxe5 43. Nxe5 Kxe5 44. c4 Be4 45. g3 Kd4 46. Ke1 Kc3 47. Bd1 c5 0-1

[Event "Quebec-ch Region"]
[Site "Montreal"]
[Date "2002.06.07"]
[Round "1"]
[White "Pageau, Roger"]
[Black "Moisan Plante, Marc Olivier"]
[Result "1-0"]
[WhiteElo "1901"]
[BlackElo "2137"]
[PlyCount "59"]
[EventDate "2002.06.07"]
[EventType "swiss"]
[EventRounds "5"]
[EventCountry "CAN"]
[SourceTitle "EXT 2009"]
[Source "ChessBase"]
[SourceDate "2008.11.26"]
[SourceVersion "1"]
[SourceVersionDate "2008.11.26"]
[SourceQuality "1"]

1. d4 Nf6 2. Bf4 g6 3. Nf3 Bg7 4. h3 d6 5. e3 0-0 6. c3 Nc6 7. Bb5 a6 8. Ba4 Bf5 9. g4 Bd7 10. Nbd2 Qe8 11. Bc2 e5 12. dxe5 Nxe5 13. Nxe5 dxe5 14. Bg3 Rd8 15. Qe2 Bc6 16. 0-0 Bb5 17. c4 Bc6 18. Rad1 Qe7 19. Rfe1 Qe6 20. Kh2 h6 21. f3 h5 22. g5 Nh7 23. h4 f6 24. Bxg6 fxg5 25. Bxh7+ Kxh7 26. hxg5 Rxd2 27. Rxd2 Bxf3 28. Qd3+ e4 29. Qd7 Qxc4 30. Qxc7 1-0

[Event "Quebec COQ op"]
[Site "Quebec"]
[Date "2001.07.22"]
[Round "2"]
[White "Moisan Plante, Marc Olivier"]
[Black "Chabot, Roland"]
[Result "0-1"]
[WhiteElo "2183"]
[BlackElo "2225"]
[PlyCount "62"]
[EventDate "2001.07.21"]
[EventType "swiss"]
[EventRounds "9"]
[EventCountry "CAN"]
[SourceTitle "EXT 2002"]
[Source "ChessBase"]
[SourceDate "2001.11.25"]
[SourceVersion "1"]
[SourceVersionDate "2001.11.25"]
[SourceQuality "1"]

1. e4 c5 2. Nf3 e6 3. d4 cxd4 4. Nxd4 Nf6 5. Nc3 d6 6. f4 a6 7. Qf3 Qb6 8. Nb3 Qc7 9. g4 b5 10. Bd3 Bb7 11. g5 Nfd7 12. Bd2 Nc5 13. Rf1 Nbd7 14. Nxc5 Nxc5 15. 0-0-0 b4 16. Ne2 d5 17. Ng3 Nxd3+ 18. Qxd3 Bc5 19. Be3 0-0-0 20. Bxc5 Qxc5 21. e5 g6 22. Qd4 Qb5 23. Kb1 Kb8 24. Rc1 Rc8 25. Qd3 Qb6 26. Ne2 a5 27. c3 Ba6 28. Qd4 Qxd4 29. Nxd4 Bxf1 30. Rxf1 bxc3 31. bxc3 h6 0-1

[Event "Montreal Pere Noel op"]
[Site "Montreal"]
[Date "2000.12.27"]
[Round "2"]
[White "Hebert, Jean"]
[Black "Moisan Plante, Marc Olivier"]
[Result "1-0"]
[WhiteElo "2452"]
[BlackElo "2208"]
[PlyCount "125"]
[EventDate "2000.??.??"]
[EventType "swiss"]
[EventRounds "5"]
[EventCountry "CAN"]
[SourceTitle "EXT 2003"]
[Source "ChessBase"]
[SourceDate "2002.11.25"]
[SourceVersion "1"]
[SourceVersionDate "2002.11.25"]
[SourceQuality "1"]

1. Nf3 c5 2. c4 Nf6 3. Nc3 b6 4. e4 d6 5. d4 cxd4 6. Nxd4 Bb7 7. Bd3 g6 8. b3 Bg7 9. Bb2 Nc6 10. Nxc6 Bxc6 11. Qe2 Rc8 12. 0-0 0-0 13. Rad1 Qc7 14. f4 Nd7 15. Kh1 Qb7 16. b4 Qb8 17. Rb1 e6 18. Rf3 Rfe8 19. Rh3 Qa8 20. Re1 a6 21. Nd1 Bxb2 22. Qxb2 b5 23. cxb5 Bxb5 24. Bb1 Rc7 25. Nf2 f5 26. Qd2 Nf6 27. Rhe3 fxe4 28. Nxe4 Nxe4 29. Bxe4 Bc6 30. Rc3 d5 31. Bf3 Rcc8 32. f5 Bd7 33. Rxc8 Qxc8 34. fxg6 hxg6 35. Qh6 Qc2 36. Rc1 Qf5 37. h3 Rc8 38. Rxc8+ Bxc8 39. Qc1 Bb7 40. Qc7 Qf7 41. Qe5 Kh7 42. a4 Bc6 43. a5 Qe7 44. Kh2 Bd7 45. Bxd5 Qxb4 46. Be4 Qf8 47. Qh5+ Qh6 48. Bxg6+ Kg7 49. Qxh6+ Kxh6 50. Bd3 Bc8 51. g4 e5 52. Kg3 Bb7 53. h4 Kg7 54. g5 e4 55. Be2 Bc8 56. Kf4 Bb7 57. Bg4 Bc6 58. Bf5 Bb5 59. h5 Bc4 60. Bxe4 Be2 61. h6+ Kf7 62. g6+ Kg8 63. Bd5+ 1-0

[Event "Montreal Interclubs"]
[Site "Montreal"]
[Date "1996.02.13"]
[Round "1"]
[White "Moisan Plante, Marc Olivier"]
[Black "Schleifer, Michael"]
[Result "1/2-1/2"]
[WhiteElo "2115"]
[BlackElo "2358"]
[PlyCount "83"]
[EventDate "1996.02.13"]
[EventType "swiss"]
[EventRounds "5"]
[EventCountry "CAN"]
[SourceTitle "EXT 2022"]
[Source "ChessBase"]
[SourceDate "2021.10.06"]
[SourceVersion "1"]
[SourceVersionDate "2021.10.06"]
[SourceQuality "1"]

1. e4 e6 2. d4 c5 3. Nf3 a6 4. Nc3 cxd4 5. Nxd4 d6 6. f4 Qc7 7. Be3 Nf6 8. Qf3 d5 9. e5 Ng8 10. Qg3 Nc6 11. Bd3 Nxd4 12. Bxd4 Ne7 13. 0-0-0 Bd7 14. f5 Nc6 15. Ne2 0-0-0 16. Rhf1 Qa5 17. Kb1 Kb8 18. Qe3 Nxd4 19. Nxd4 Bc5 20. c3 Qb6 21. fxe6 fxe6 22. Rf7 g6 23. Rdf1 a5 24. Be2 a4 25. Bg4 Rhf8 26. Rxf8 Rxf8 27. Rxf8+ Bxf8 28. Qf4 Ba3 29. b4 axb3 30. axb3 Bc5 31. b4 Bxd4 32. Qxd4 Qb5 33. Kb2 Qf1 34. Bf3 Qe1 35. g3 g5 36. Bg4 h6 37. Bf3 Qf1 38. Bg4 Qg2+ 39. Ka3 Qh1 40. Bd1 Bb5 41. Qb6 Qxd1 42. Qxb5 1/2-1/2

[Event "Maitrise op"]
[Site "Montreal"]
[Date "1996.??.??"]
[Round "4"]
[White "Moisan Plante, Marc Olivier"]
[Black "Lacroix, Serge"]
[Result "1-0"]
[WhiteElo "2160"]
[BlackElo "1940"]
[PlyCount "81"]
[EventDate "1996.??.??"]
[EventType "swiss"]
[EventRounds "6"]
[EventCountry "CAN"]
[SourceTitle "EXT 1999"]
[Source "ChessBase"]
[SourceDate "1998.11.16"]
[SourceVersion "1"]
[SourceVersionDate "1998.11.16"]
[SourceQuality "1"]

1. e4 e5 2. Nf3 Nc6 3. Nc3 Nf6 4. d4 exd4 5. Nxd4 Bb4 6. Nxc6 Bxc3+ 7. bxc3 bxc6 8. Bd3 d6 9. 0-0 Bg4 10. f3 Be6 11. Bg5 h6 12. Bh4 Qd7 13. Bxf6 gxf6 14. Qd2 c5 15. Qf4 Ke7 16. c4 Qa4 17. Rfe1 Qb4 18. Qh4 Qc3 19. f4 Rag8 20. f5 Qd4+ 21. Kh1 Bxc4 22. Rad1 Bxd3 23. Rxd3 Qa4 24. Qf2 Rg5 25. h4 Rg4 26. Qf3 Rhg8 27. e5 Rxh4+ 28. Kg1 fxe5 29. f6+ Ke6 30. Qd5+ Kxf6 31. Rf3+ Rf4 32. Rxf4+ exf4 33. Re4 Rxg2+ 34. Kxg2 Qxc2+ 35. Kf3 Qc3+ 36. Kxf4 Qc1+ 37. Re3 Qf1+ 38. Rf3 Qg1 39. Ke4+ Ke7 40. Rxf7+ Kd8 41. Qa8# 1-0

[Event "CAN-ch class"]
[Site "Canada"]
[Date "1996.??.??"]
[Round "3"]
[White "Moisan Plante, Marc Olivier"]
[Black "Schleifer, Michael"]
[Result "1/2-1/2"]
[WhiteElo "2130"]
[BlackElo "2270"]
[PlyCount "69"]
[EventDate "1996.??.??"]
[EventType "swiss"]
[EventRounds "9"]
[EventCountry "CAN"]
[SourceTitle "EXT 2002"]
[Source "ChessBase"]
[SourceDate "2001.11.25"]
[SourceVersion "1"]
[SourceVersionDate "2001.11.25"]
[SourceQuality "1"]

1. e4 g6 2. d4 Bg7 3. Nf3 d6 4. Be2 Nf6 5. Nc3 0-0 6. 0-0 Bg4 7. Ng5 Bxe2 8. Qxe2 Nc6 9. Rd1 Nd7 10. Be3 h6 11. Nf3 e6 12. a4 Ne7 13. a5 a6 14. h3 d5 15. exd5 exd5 16. Qd2 Kh7 17. Bf4 c6 18. Ra3 Nf5 19. Rb3 b5 20. axb6 Nxb6 21. Ne5 Nc4 22. Nxc4 dxc4 23. Rb4 Qxd4 24. Qxd4 Nxd4 25. Rxc4 Rfd8 26. Kf1 Rab8 27. Ra1 g5 28. Be3 Nxc2 29. Rxa6 Rf8 30. Bb6 Rfe8 31. Ne4 c5 32. Rxc2 Rxe4 33. Bxc5 Bxb2 34. g4 Be5 35. Be3 1/2-1/2

[Event "Maitrise op"]
[Site "Montreal"]
[Date "1996.??.??"]
[Round "2"]
[White "Saint Pierre, Benoit"]
[Black "Moisan Plante, Marc Olivier"]
[Result "1-0"]
[WhiteElo "2275"]
[BlackElo "2160"]
[PlyCount "83"]
[EventDate "1996.??.??"]
[EventType "swiss"]
[EventRounds "6"]
[EventCountry "CAN"]
[SourceTitle "EXT 1999"]
[Source "ChessBase"]
[SourceDate "1998.11.16"]
[SourceVersion "1"]
[SourceVersionDate "1998.11.16"]
[SourceQuality "1"]

1. e4 e5 2. Nf3 d6 3. Bc4 Be7 4. 0-0 Nf6 5. d3 0-0 6. Re1 Nbd7 7. c3 c6 8. Bb3 Nc5 9. Bc2 Bg4 10. h3 Bh5 11. d4 exd4 12. cxd4 Ne6 13. Be3 d5 14. e5 Ne4 15. Nc3 f5 16. exf6 Nxf6 17. Bf5 Qd6 18. g4 Bf7 19. Ne5 Rae8 20. Qd2 Bd8 21. Re2 Ba5 22. f3 c5 23. Bxe6 Bxe6 24. dxc5 Qxe5 25. Bf4 Ne4 26. Rxe4 Qf6 27. Rd4 b6 28. Bd6 bxc5 29. Rf4 Qh4 30. Rxf8+ Rxf8 31. Bxf8 Bb6 32. Na4 Qxh3 33. Qf4 Bd8 34. Bxc5 Bf6 35. Qb8+ Kf7 36. Qf4 Kg6 37. Re1 Bg5 38. Rxe6+ Bf6 39. Rxf6+ gxf6 40. Qf5+ Kf7 41. Qxd5+ Kg6 42. Bd6 1-0

[Event "Quebec-ch U20"]
[Site "Montreal"]
[Date "1994.02.27"]
[Round "6"]
[White "Moisan Plante, Marc Olivier"]
[Black "Castillo, Anthony"]
[Result "1-0"]
[WhiteElo "2131"]
[BlackElo "1912"]
[PlyCount "62"]
[EventDate "1994.02.24"]
[EventType "tourn"]
[EventRounds "7"]
[EventCountry "CAN"]
[SourceTitle "EXT 2022"]
[Source "ChessBase"]
[SourceDate "2021.10.06"]
[SourceVersion "1"]
[SourceVersionDate "2021.10.06"]
[SourceQuality "1"]

1. e4 e5 2. Nc3 Bc5 3. Nf3 d6 4. d4 exd4 5. Nxd4 Nc6 6. Bb5 Bd7 7. Bxc6 bxc6 8. 0-0 Nf6 9. Bg5 0-0 10. Qd3 Rb8 11. Nb3 Bb4 12. f4 Qc8 13. Bxf6 gxf6 14. f5 Kh8 15. Ne2 Rb5 16. a4 Re5 17. c3 Bc5+ 18. Kh1 Rg8 19. Rf4 Qf8 20. Raf1 Qg7 21. g3 Bb6 22. Nd2 d5 23. b4 a5 24. bxa5 Bxa5 25. Nb3 Ra8 26. Rh4 Qg5 27. Rff4 Rxe4 28. Rxe4 Bxf5 29. Nd2 dxe4 30. Nxe4 Re8 31. Qf3 Qxh4 1-0

[Event "Quebec-ch U20"]
[Site "Montreal"]
[Date "1994.02.25"]
[Round "3"]
[White "Charest, Johanne"]
[Black "Moisan Plante, Marc Olivier"]
[Result "0-1"]
[WhiteElo "1866"]
[BlackElo "2131"]
[PlyCount "80"]
[EventDate "1994.02.24"]
[EventType "tourn"]
[EventRounds "7"]
[EventCountry "CAN"]
[SourceTitle "EXT 2022"]
[Source "ChessBase"]
[SourceDate "2021.10.06"]
[SourceVersion "1"]
[SourceVersionDate "2021.10.06"]
[SourceQuality "1"]

1. e4 g6 2. d4 Bg7 3. Nf3 d6 4. h3 Nf6 5. Nc3 0-0 6. Be3 d5 7. Bd3 dxe4 8. Nxe4 Nbd7 9. Ng3 b6 10. 0-0 Bb7 11. Be2 Rc8 12. c3 c5 13. Qd2 cxd4 14. Nxd4 Re8 15. Bh6 Bh8 16. Rad1 a6 17. Bf3 Qc7 18. Rfe1 b5 19. Bxb7 Qxb7 20. h4 a5 21. h5 b4 22. cxb4 Qxb4 23. hxg6 hxg6 24. Qxb4 axb4 25. f3 e6 26. Be3 Ra8 27. a3 bxa3 28. bxa3 Rxa3 29. Nb5 Ra2 30. Ra1 Rea8 31. Rxa2 Rxa2 32. Re2 Ra1+ 33. Kf2 Ra5 34. Nd6 Nd5 35. Bd2 Bd4+ 36. Kf1 Ra1+ 37. Re1 Rxe1+ 38. Kxe1 Be5 39. Nge4 f5 40. Nc4 fxe4 0-1